| 000 | 00465nam a2200181Ia 4500 | ||
|---|---|---|---|
| 005 | 20250603144658.0 | ||
| 008 | 250603s9999 xx 000 0 und d | ||
| 020 | _a9780470018224 | ||
| 050 | _aTK 5105 .C67/ | ||
| 100 | _aCorvaja, Roberto et al. | ||
| 245 | 0 | _aCommunication systems: fundamentals and design methods | |
| 260 | _aWest Sussex | ||
| 260 | _bJohn Wiley & Sons Ltd. | ||
| 260 | _c2020 | ||
| 300 | _a682 p | ||
| 650 | _aWest Sussex | ||
| 942 | _cBK | ||
| 999 |
_c39629 _d39629 |
||